Fúzia obrazu

Uložené v:
Podrobná bibliografia
Hlavný autor: Otruba, Martin (Autor)
Ďalší autori: Vargic, Radoslav (Vedúci práce)
Médium: Rukopis Kniha
Jazyk:Slovak
Vydavateľské údaje: Bratislava : STU v Bratislave FEI, 2024
Predmet:
On-line prístup:https://opac.crzp.sk/?fn=detailBiblioFormChildCA9SU&sid=C1EFC3B1039AA8EF93E3F8AFAF84&seo=CRZP-detail-kniha
Tagy: Pridať tag
Žiadne tagy, Buďte prvý, kto otaguje tento záznam!

MARC

LEADER 00000ntm a22000003a 4500
001 stuzp96637
003 SK-STU
005 20250423144004.9
007 ta
008 150427s2015----xo-----f-mn---000-0-slo-d
040 |a STU  |b slo 
041 0 |a slo 
044 |a xo 
100 1 |a Otruba, Martin  |u 037000  |4 aut  |U FEI Fakulta elektrotechniky a informatiky  |T FEI Ústav multimediálnych informačných a komunikačných technológií  |X 86895  |U E070  |Y 818  |7 86895 
242 0 1 |a Image fusion  |y eng 
245 1 0 |a Fúzia obrazu 
260 |a Bratislava :  |b STU v Bratislave FEI,  |c 2024 
300 |a 60 s. 
650 4 |a LDR  |2 slo 
650 4 |a Ximea  |2 slo 
650 4 |a HDR  |2 slo 
650 4 |a Fúzia obrazu  |2 slo 
650 4 |a Tonemapping  |2 slo 
650 4 |a HDR  |2 eng 
650 4 |a Image fusion  |2 eng 
650 4 |a LDR  |2 eng 
650 4 |a Tonemapping  |2 eng 
650 4 |a Ximea  |2 eng 
700 1 |a Vargic, Radoslav  |u 037000  |k Z1  |4 ths  |U FEI Fakulta elektrotechniky a informatiky  |T FEI Ústav multimediálnych informačných a komunikačných technológií  |X 1918  |U E070  |Y 818  |7 A000001918 
856 4 |u https://opac.crzp.sk/?fn=detailBiblioFormChildCA9SU&sid=C1EFC3B1039AA8EF93E3F8AFAF84&seo=CRZP-detail-kniha